Crin-Blanc
<< Retourner aux résultats de la recherche
| Auteur principal : | Albert Lamorisse |
|---|---|
| Titre : | Crin-Blanc |
| Support : | Livres |
| Langue : | Francais |
| Publié : |
DL 2022 L'Ecole des Loisirs Paris |
| Genre : |
Roman (enfants) |
| Collection : |
Mouche |
| Sujets : | |
| Étiquettes : |
Pas de tags
|
| LEADER | 00860nam0a2200205 450 | ||
|---|---|---|---|
| 001 | 16867319 | ||
| 010 | |a 978-2-211-20552-8 |b Br. |d 6,5 | ||
| 100 | |a 20251230d2026 u u0frey01 ba | ||
| 101 | 0 | |a fre | |
| 200 | 0 | |a Crin-Blanc |f Albert Lamorisse | |
| 207 | 1 | |a | |
| 210 | |a Paris |b 11 rue de Sèvres. |c L'Ecole des Loisirs |d DL 2022 | ||
| 215 | |a non paginé |c Couv. ill. en coul. |d 13x19 cm | ||
| 225 | 1 | |a Mouche |x 0988-0364 | |
| 330 | |a Les aventures de Crin-Blanc, le chef d'un troupeau de chevaux sauvages en Camargue, capturé par les hommes. Tiré du film d'Albert Lamorisse qui a obtenu le Grand prix du Festival international de Cannes. | ||
| 607 | |a Camargue (Bouches-du-Rhône) | ||
| 700 | 0 | |a Lamorisse |b Albert |4 70 | |
| 900 | |a Roman (enfants) | ||
| 901 | |a Jeunesse | ||
| 995 | |a Médiathèque |c Médiathèque |f 089021695 |h 089021695 |k E LAM |o p |q j |r az |e Médiathèque | ||